Movies Quiz

Random Movies or Actress Quiz

Chloe Moretz Definition Quiz Stats

 Plays Quiz not verified by Sporcle

Score 0/28 Timer 05:00
0 Plays Today
% Correct
Diary
76.7%
Equalizer
73.3%
In
73.3%
Texas
73.3%
Wimpy
73.3%
Neighbors
70%
Sorority
70%
5TH
70%
Wave
70%
Clouds
70%
Most
70%
Princess
70%
Kick
70%
Killing
70%
% Correct
Dark
66.7%
I
66.7%
Stay
66.7%
Muppets
66.7%
Tale
66.7%
Ass
66.7%
Kid
66.7%
Rising
63.3%
Wanted
63.3%
Let
63.3%
Places
60%
If
60%
Me
60%
Fields
60%

You're not logged in!

Compare scores with friends on all Sporcle quizzes.
OR
Log In

Sporcle TV

Today on Sporcle TV


Watch our educational content, quiz creation guides, and fun videos on Sporcle TV.

Show Comments

Extras

Top Quizzes Today


Score Distribution

Your Account Isn't Verified!

In order to create a playlist on Sporcle, you need to verify the email address you used during registration. Go to your Sporcle Settings to finish the process.

Report this User

Report this user for behavior that violates our Community Guidelines.

Details: